|
|
|
|
| LEADER |
00000cam a2200000 i 4500 |
| 001 |
1/65973 |
| 008 |
960614s1977 gr | ||| |||| ||gre|| |
| 035 |
|
|
|l 10029736
|
| 040 |
|
|
|a GR-MY-UA
|b gre
|e aacr
|
| 041 |
1 |
|
|a gre
|h fre
|
| 082 |
7 |
|
|a 938.306
|
| 100 |
1 |
|
|a Γλύκατζη-Αρβελέρ, Ελένη,
|d 1926-
|
| 245 |
1 |
2 |
|a Η πολιτική ιδεολογία της βυζαντινής αυτοκρατορίας :
|b L'ideologie politique de l' empire byzantin /
|c Ελένη Γλύκατζη - Αρβελέρ ; Μετάφραση:Τούλα Δρακοπούλου
|
| 260 |
|
|
|a Αθήνα :
|b Αργώ,
|c 1977
|
| 300 |
|
|
|a 174 σ. ;
|c 21 εκ.
|
| 500 |
|
|
|a Μετάφραση του: L' ideologie politique de l' empire Byzantin.
|
| 504 |
|
|
|a Περιλαμβάνει βιβλιογραφικές παραπομπές.
|
| 651 |
|
0 |
|a Byzantine Empire
|x Civilization
|v Congresses.
|
| 700 |
1 |
|
|a Δρακοπούλου, Τούλα,
|e trlf [Μεταφράστρια]
|
| 852 |
|
|
|a INST
|b CHIOS
|e 19960614
|h 938.306 ΓΛΥ
|p 005200007882
|q 005200007882
|t BK
|y 0
|
| 852 |
|
|
|a INST
|b RHODES
|e 20170627
|h 938.306 ΓΛΥ
|p 005400039344
|q 005400039344
|t BK
|y 0
|
| 909 |
|
|
|a Χ
|b 016427
|